Trade union practices on anti-discrimination and diversity Summary

Guardat en:
Dades bibliogràfiques
Autor corporatiu: Commissione Europea
Format: Llibre
Idioma:anglès
Publicat: Commissione Europea 2010
Etiquetes: Afegir etiqueta
Sense etiquetes, Sigues el primer a etiquetar aquest registre!

MARC

LEADER 00000nam a2200000 4500
005 20240605191219.0
008 240605b |||||||| |||| 00| 0 eng d
040 |c GP 
110 |a Commissione Europea 
245 |a Trade union practices on anti-discrimination and diversity  |b Summary 
260 |b Commissione Europea  |c 2010 
942 |2 ddc  |c BK  |n 0 
952 |0 0  |1 0  |2 ddc  |4 0  |6 305_906000000000000_EUR  |7 1  |9 1369  |a RM  |b RM  |d 2024-06-05  |l 0  |o 305.906 EUR  |p 206  |r 2024-06-05 19:12:39  |w 2024-06-05  |y BK 
999 |c 1259  |d 1259